00433nam a2200109Ia 4500008004100000245018500041260004900226260000900275300001000284500001300294650001600307170224s9999 xx 000 0 und d aPotential negative effects of perspective-taking efforts in the context of close relationships: Increased bias and reduced satisfaction: Correction to Vorauer and Sucharyna (2013). bJournal of Personality and Social Psychology c2014 a107:6 aDecember xPsychology.